Movies Quiz

Random Movies or Clickable Quiz

40 Movie Words That End in 'ER' Quiz Stats

Quiz Updated Apr 21, 2015

Challenge
Share
Tweet
Embed
Score 0/40 Timer 06:00
3 Plays Today
% Correct
Dumber
97.7%
Center
97.1%
Panther
97.1%
Hunger
97%
Over
96.9%
Driver
96.7%
Ever
96.3%
Fever
96.2%
Forever
95.9%
Hunter
95%
Silver
94.8%
Brother
94.6%
Ranger
94.6%
Stranger
94.4%
Fiddler
94.1%
Letter
93.2%
Sister
93.2%
Locker
93%
October
92.7%
Thunder
92.7%
% Correct
Water
92.5%
Remember
92.3%
Summer
92.2%
Destroyer
92.1%
Whisperer
91.6%
Daughter
91.1%
Worker
90.3%
River
89.4%
Ladder
88.9%
Rider
88.8%
Carter
88.7%
Denver
88.6%
Turner
88.1%
Tinker
87.7%
Super
86.5%
Cider
83.2%
Fisher
79.2%
Forrester
76.3%
Starfighter
74.8%
Reefer
73.7%

You're not logged in!

Compare scores with friends on all Sporcle quizzes.
Join for Free
OR
Log In

You Might Also Like...

Show Comments

Extras

Top Quizzes Today


Score Distribution

Your Account Isn't Verified!

In order to create a playlist on Sporcle, you need to verify the email address you used during registration. Go to your Sporcle Settings to finish the process.

Report this User

Report this user for behavior that violates our Community Guidelines.

Details: